| 000 | 00651nam a2200169 4500 | ||
|---|---|---|---|
| 008 | 150808b xxu||||| |||| 00| 0 eng d | ||
| 020 | _a1556524196 | ||
| 050 | _aTA 149 .L49 2000 | ||
| 100 |
_aLevy, Matthys _d2000 |
||
| 245 |
_aEngineering the city : _bhow infrastructure : projects and principles for beginners _cMatthys Levy |
||
| 260 |
_aChicago: _bChicago Review Press, _c2000. |
||
| 300 |
_axi, 129p. _bIncludes bibliographical refences and index |
||
| 650 | _aCivil egineering- Juvenile literature | ||
| 650 | _aMunicipal engineering- Juvnile literature. | ||
| 700 | _aPanchyk, Richard | ||
| 942 |
_2lcc _cBOOKS _hTA 149 .L49 2000 |
||
| 999 |
_c3018 _d3018 |
||